| 000 | 00536nam a2200181Ia 4500 | ||
|---|---|---|---|
| 001 | 23808 | ||
| 005 | 20260414151002.0 | ||
| 008 | 260414t2024||||xx |||||||||||||| ||spa|| | ||
| 041 | _aESP | ||
| 082 |
_a709.85 _bR75 |
||
| 100 |
_aRodríguez Canales, Javier, _eAUT |
||
| 245 | 0 |
_a"El arte de tender puentes" : _b0 años de exposiciones artísticas Centro Cultural Peruano Norteamericano de Arequipa (1954-2024) |
|
| 260 | _c2024 | ||
| 300 |
_a346 páginas : _c30 cm. |
||
| 650 | _aABD | ||
| 654 | _aCAU | ||
| 942 |
_cLIB _dJUS _fJUS _2ddc _n |
||
| 999 |
_c23808 _d23808 |
||